000 01022nam a2200277 i 4500
003 DO-SdBNP
005 20230710104156.0
007 ta
008 230516b2022 dr a|||| |||| 00| 0 spa d
020 _a9789945587272
040 _aDO-SdBNP
_bspa
_cBPMSU
_e
082 4 _aRD863.4408
_bB742c 2022
_222
245 0 0 _aCuentos para el corazón :
_brelatos infantiles de Juan Bosch /
_cJuan Bosch ; compilación Farah Hallal ; coordinador Jordy Rosario Correa
260 _aSanto Domingo :
_bFundación Juan Bosch,
_c2022.
300 _a107 p :
_bils ;
_c23 cm.
490 0 _aBosch vive
590 _aInventariado, 2023/VM
600 1 4 _aBosch, Juan
_d1909-2021
_xcrítica e interpretación
650 4 _aCuentos infantiles
_xCrítica e interpretación.
650 4 _aLiteratura infantil
_xCrítica e interpretación.
700 1 _aHallal, Farah,
_ecomp.
700 1 _aThen, Itzel
_eils.
710 2 _aFundación Juan Bosch (República Dominicana)
910 _aVMateo V. Control de calidad (BPMSU)
942 _2ddc
_cBK
999 _c14411
_d14411